00351nam a22001457a 4500003000400000005001700004008004100021040002000062100001800082245002700100260004100127300000800168942001200176999001700188OSt20240314161435.0240314b |||||||| |||| 00| 0 eng d ciimt university aSINGH, PANKAJ aARE WE READY OF CHANGE aNEW DELHIbDIMOND POCKET BOOKSc2018 a158 2ddcc03 c58620d58620